[Event "Registro Hirota Memorial U2200 3rd"]
[Site "Registro"]
[Date "2018.07.28"]
[Round "2.1"]
[White "Ribeiro, Leandro Novais"]
[Black "Massarioli, Felipe Alvarenga"]
[Result "1/2-1/2"]
[WhiteElo "1661"]
[BlackElo "2071"]
[PlyCount "54"]
[EventDate "2018.07.28"]
[EventType "swiss"]
[EventRounds "6"]
[EventCountry "BRA"]
[SourceTitle "EXT 2022"]
[Source "ChessBase"]
[SourceDate "2021.10.06"]
[SourceVersion "1"]
[SourceVersionDate "2021.10.06"]
[SourceQuality "1"]

1. e4 c6 2. d4 d5 3. exd5 cxd5 4. c3 Nf6 5. Bd3 Nc6 6. Bf4 Bg4 7. f3 Bh5 8. Ne2 Bg6 9. Na3 e6 10. Nc2 Bd6 11. 0-0 Bxf4 12. Nxf4 Qc7 13. Qd2 0-0 14. Bxg6 hxg6 15. Nd3 Rfc8 16. Rfe1 Rab8 17. Ncb4 Nxb4 18. Nxb4 a5 19. Nd3 a4 20. a3 Ra8 21. Re2 Nd7 22. Qg5 Qc4 23. Nf4 Nf8 24. Rae1 b5 25. Qe7 Rc7 26. Qd6 Qc6 27. Qxc6 Rxc6 1/2-1/2

[Event "Sao Paulo op-B 3rd"]
[Site "Sao Paulo"]
[Date "2015.09.19"]
[Round "3"]
[White "Baccarin, Natalia Viaro"]
[Black "Massarioli, Felipe Alvarenga"]
[Result "1/2-1/2"]
[WhiteElo "1909"]
[BlackElo "2044"]
[PlyCount "38"]
[EventDate "2015.09.17"]
[EventType "swiss"]
[EventRounds "6"]
[EventCountry "BRA"]
[SourceTitle "EXT 2016"]
[Source "ChessBase"]
[SourceDate "2015.10.08"]
[SourceVersion "1"]
[SourceVersionDate "2015.10.08"]
[SourceQuality "1"]

1. e4 c6 2. d4 d5 3. exd5 cxd5 4. c4 Nf6 5. Nc3 e6 6. c5 Be7 7. b4 b6 8. Bb2 a5 9. a3 axb4 10. axb4 Rxa1 11. Qxa1 0-0 12. Nf3 Ne4 13. Bd3 f5 14. 0-0 Bf6 15. Na4 Nc6 16. Nxb6 Nxb4 17. Bb5 Nd6 18. cxd6 Qxb6 19. Qa4 Ba6 1/2-1/2

[Event "Florianopolis op"]
[Site "Florianopolis"]
[Date "2015.01.18"]
[Round "10"]
[White "Massarioli, Felipe Alvarenga"]
[Black "Fuck, Vinicius Rios"]
[Result "1-0"]
[WhiteElo "2027"]
[BlackElo "1887"]
[PlyCount "69"]
[EventDate "2015.01.14"]
[EventType "swiss"]
[EventRounds "10"]
[EventCountry "BRA"]
[SourceTitle "CBM 164 Extra"]
[Source "ChessBase"]
[SourceDate "2015.03.02"]
[SourceVersion "1"]
[SourceVersionDate "2015.03.02"]
[SourceQuality "1"]

1. d4 Nf6 2. c4 c5 3. d5 b5 4. cxb5 a6 5. bxa6 Bxa6 6. Nc3 d6 7. e4 Bxf1 8. Kxf1 g6 9. g3 Bg7 10. Kg2 Nbd7 11. Nf3 Ng4 12. Qe2 0-0 13. a4 Qb6 14. Ra3 Rfb8 15. Nb5 Rb7 16. b3 Qa6 17. Re1 Nge5 18. Nxe5 Nxe5 19. f4 Nd7 20. Qf3 Nb6 21. e5 dxe5 22. fxe5 c4 23. d6 exd6 24. Nxd6 Rd7 25. a5 Nc8 26. Nxc4 Rb8 27. Bf4 Rb5 28. Raa1 Re7 29. Rad1 Re8 30. Nd6 Nxd6 31. exd6 Rd8 32. d7 Qxa5 33. Re8+ Bf8 34. Rxd8 Qxd8 35. Bc7 1-0

[Event "Florianopolis op"]
[Site "Florianopolis"]
[Date "2015.01.18"]
[Round "9"]
[White "Matsuura, Frederico"]
[Black "Massarioli, Felipe Alvarenga"]
[Result "1-0"]
[WhiteElo "2289"]
[BlackElo "2027"]
[PlyCount "69"]
[EventDate "2015.01.14"]
[EventType "swiss"]
[EventRounds "10"]
[EventCountry "BRA"]
[SourceTitle "CBM 164 Extra"]
[Source "ChessBase"]
[SourceDate "2015.03.02"]
[SourceVersion "1"]
[SourceVersionDate "2015.03.02"]
[SourceQuality "1"]

1. d4 d5 2. Nf3 Nf6 3. c4 c6 4. Nc3 a6 5. c5 g6 6. h3 Bg7 7. Bf4 0-0 8. e3 Re8 9. Be2 Nfd7 10. 0-0 e5 11. Nxe5 Nxe5 12. Bxe5 Bxe5 13. dxe5 Rxe5 14. e4 d4 15. Na4 Nd7 16. b4 Qh4 17. f3 Rg5 18. Rf2 Nf8 19. f4 Rg3 20. f5 Qxe4 21. Nb6 Rb8 22. Bf3 Qh4 23. Nxc8 Rxc8 24. Bg4 h5 25. Bf3 Rd8 26. fxg6 Nxg6 27. Bxh5 Nf4 28. Bg4 Nxh3+ 29. Bxh3 Qxh3 30. Qd2 Rd5 31. Qf4 Rd7 32. Re1 Qg4 33. Qf6 Kh7 34. Re8 Qd1+ 35. Rf1 1-0

[Event "Sao Paulo Hebraica op 19th"]
[Site "Sao Paulo"]
[Date "2015.01.10"]
[Round "4"]
[White "Massarioli, Felipe Alvarenga"]
[Black "Da Silva, Camila Evaristo"]
[Result "1-0"]
[WhiteElo "2027"]
[BlackElo "1609"]
[PlyCount "67"]
[EventDate "2015.01.08"]
[EventType "swiss"]
[EventRounds "6"]
[EventCountry "BRA"]
[SourceTitle "CBM 164 Extra"]
[Source "ChessBase"]
[SourceDate "2015.03.02"]
[SourceVersion "1"]
[SourceVersionDate "2015.03.02"]
[SourceQuality "1"]

1. d4 d5 2. c4 e6 3. Nf3 Nf6 4. g3 Be7 5. Bg2 0-0 6. 0-0 c6 7. Qc2 Bd6 8. Bg5 h6 9. Bxf6 Qxf6 10. Nc3 Qe7 11. e4 dxe4 12. Nxe4 Bc7 13. Rfe1 Nd7 14. d5 cxd5 15. cxd5 Nf6 16. Nxf6+ gxf6 17. dxe6 fxe6 18. Nh4 Qg7 19. Qc4 Kh8 20. Ng6+ Qxg6 21. Qxc7 Rf7 22. Qd8+ Kg7 23. Red1 Rf8 24. Qa5 Qg5 25. Qc3 Kg8 26. Rac1 Qg7 27. Qa3 a6 28. Qd6 Ra7 29. Rc7 Qg4 30. h3 Qa4 31. Rd4 Qe8 32. Rg4+ Kh8 33. Rgg7 Qd8 34. Rh7+ 1-0

[Event "Sao Paulo Hebraica op 17th"]
[Site "Sao Paulo"]
[Date "2014.01.12"]
[Round "6"]
[White "Cadilhac, Igor Tokuichi Kikuc"]
[Black "Massarioli, Felipe Alvarenga"]
[Result "0-1"]
[WhiteElo "2025"]
[BlackElo "2023"]
[PlyCount "146"]
[EventDate "2014.01.09"]
[EventType "swiss"]
[EventRounds "6"]
[EventCountry "BRA"]
[SourceTitle "CBM 158 Extra"]
[Source "ChessBase"]
[SourceDate "2014.02.28"]
[SourceVersion "1"]
[SourceVersionDate "2014.02.28"]
[SourceQuality "1"]

1. e4 c6 2. d4 d5 3. Nc3 dxe4 4. Nxe4 Bf5 5. Ng3 Bg6 6. h4 h6 7. Nf3 Nd7 8. h5 Bh7 9. Bd3 Bxd3 10. Qxd3 Qc7 11. Bd2 0-0-0 12. 0-0-0 Ngf6 13. c4 e6 14. Ne4 Nxe4 15. Qxe4 Be7 16. g3 Rhe8 17. Kb1 c5 18. Bf4 Bd6 19. Bxd6 Qxd6 20. Qg4 Rg8 21. dxc5 Qxc5 22. Qf4 Nf6 23. Ne5 Qc7 24. Qe3 Kb8 25. g4 Rxd1+ 26. Rxd1 Rd8 27. Rxd8+ Qxd8 28. Kc2 Qc7 29. Qd4 b6 30. f3 a6 31. b4 Ka7 32. Kb3 Ne8 33. b5 Nd6 34. Nc6+ Kb7 35. Qxg7 axb5 36. cxb5 Nxb5 37. Nb4 Qf4 38. Ka4 Nd4 39. Nd3 b5+ 40. Ka3 Qe3 41. Qh7 Qxf3 42. Qe4+ Qxe4 43. Nc5+ Kc6 44. Nxe4 Kd7 45. Kb4 f5 46. Kc5 fxe4 47. Kxd4 Ke7 48. Kxe4 Kf6 49. a3 Kg5 50. Ke5 Kxg4 51. Kxe6 Kxh5 52. Kf5 Kh4 53. Kf4 h5 54. Kf3 Kg5 55. Kg3 Kf5 56. Kh4 Ke5 57. Kxh5 Kd4 58. Kg5 Kc3 59. Kf4 Kb3 60. Ke3 Kxa3 61. Kd2 b4 62. Kc1 Ka2 63. Kc2 b3+ 64. Kc1 b2+ 65. Kc2 b1Q+ 66. Kc3 Qd1 67. Kc4 Qd2 68. Kc5 Kb3 69. Kc6 Kb4 70. Kc7 Kb5 71. Kb7 Qd7+ 72. Ka8 Kb6 73. Kb8 Qd8# 0-1

[Event "Sao Paulo Hebraica op 17th"]
[Site "Sao Paulo"]
[Date "2014.01.11"]
[Round "4"]
[White "Evangelista, Ademar Pereira Jr"]
[Black "Massarioli, Felipe Alvarenga"]
[Result "1/2-1/2"]
[WhiteElo "1921"]
[BlackElo "2023"]
[PlyCount "170"]
[EventDate "2014.01.09"]
[EventType "swiss"]
[EventRounds "6"]
[EventCountry "BRA"]
[SourceTitle "CBM 158 Extra"]
[Source "ChessBase"]
[SourceDate "2014.02.28"]
[SourceVersion "1"]
[SourceVersionDate "2014.02.28"]
[SourceQuality "1"]

1. e4 c6 2. d4 d5 3. Nc3 dxe4 4. Nxe4 Bf5 5. Ng3 Bg6 6. Nf3 Nd7 7. h4 h6 8. h5 Bh7 9. Bd3 Bxd3 10. Qxd3 Qc7 11. Bd2 0-0-0 12. 0-0-0 e6 13. Ne4 Ngf6 14. g3 Nxe4 15. Qxe4 Be7 16. Bf4 Bd6 17. Ne5 Nxe5 18. dxe5 Bc5 19. Be3 Qa5 20. Bxc5 Qxc5 21. Qe2 Rxd1+ 22. Rxd1 Rd8 23. Rxd8+ Kxd8 24. c4 b5 25. b3 bxc4 26. bxc4 Ke7 27. Kc2 Qa3 28. Kb1 Qb4+ 29. Kc2 Qa3 30. Kb1 Qc3 31. Qe4 Kd7 32. g4 Kc7 33. Qe2 c5 34. f4 Qd4 35. f5 Qc3 36. Qe4 Kb6 37. Qe2 Ka5 38. Qc2 Qe1+ 39. Qc1 Qe4+ 40. Qc2 Qe1+ 41. Qc1 Qxe5 42. Qa3+ Kb6 43. Qb3+ Kc7 44. fxe6 Qe4+ 45. Kc1 Qe1+ 46. Kc2 Qe2+ 47. Kc1 fxe6 48. Qb5 Qe3+ 49. Kc2 Qe4+ 50. Kc1 Qc6 51. Qa5+ Qb6 52. Qc3 Kd6 53. Qxg7 Qb4 54. Qf8+ Ke5 55. Qf1 Qc3+ 56. Kb1 Qe3 57. Qf8 Kd4 58. Qd6+ Kxc4 59. Qa6+ Kd5 60. Qb7+ Ke5 61. Qg7+ Ke4 62. Qg6+ Kf3 63. g5 hxg5 64. h6 Qe1+ 65. Kc2 Qe2+ 66. Kc1 Qe3+ 67. Kc2 Qf2+ 68. Kc1 Qg1+ 69. Kc2 Qh2+ 70. Kc1 Qh1+ 71. Kc2 Qh2+ 72. Kc1 Qf4+ 73. Kc2 Qc4+ 74. Kd2 Qf4+ 75. Kc2 Qh2+ 76. Kc1 Qf4+ 77. Kc2 Qc4+ 78. Kb2 Qd4+ 79. Kc2 g4 80. h7 Qc4+ 81. Kb2 Qb4+ 82. Kc2 Qc4+ 83. Kb2 Qd4+ 84. Kc2 Qc4+ 85. Kb2 Qb4+ 1/2-1/2

[Event "Sao Paulo Hebraica 15th"]
[Site "Sao Paulo"]
[Date "2013.01.05"]
[Round "2"]
[White "Saito, Vinicius Ikezu"]
[Black "Massarioli, Felipe Alvarenga"]
[Result "1-0"]
[WhiteElo "2048"]
[BlackElo "2053"]
[PlyCount "111"]
[EventDate "2013.01.04"]
[EventType "tourn"]
[EventRounds "9"]
[EventCountry "BRA"]
[SourceTitle "EXT 2014"]
[Source "ChessBase"]
[SourceDate "2013.11.20"]
[SourceVersion "1"]
[SourceVersionDate "2013.11.20"]
[SourceQuality "1"]

1. c4 Nf6 2. Nc3 c5 3. g3 e6 4. Nf3 d5 5. cxd5 exd5 6. d4 Nc6 7. Bg2 Be7 8. 0-0 0-0 9. h3 Ne4 10. Be3 Nxc3 11. bxc3 Bf6 12. Rb1 c4 13. Qd2 Re8 14. Rfe1 a6 15. Bg5 Bxg5 16. Qxg5 Qa5 17. Qd2 Rb8 18. Nh4 Be6 19. f4 Ne7 20. g4 Qd8 21. f5 Bd7 22. Qf4 f6 23. Bf3 h6 24. Ng2 Bc6 25. h4 Rc8 26. Kf2 Qc7 27. Qxc7 Rxc7 28. Nf4 Rd7 29. e4 dxe4 30. Bxe4 Rc8 31. Rb6 Bxe4 32. Rxe4 Rc6 33. Rb1 b6 34. Rbe1 Kf7 35. Re6 Rcd6 36. h5 b5 37. a3 Nd5 38. Nxd5 Rxd5 39. Rxa6 R5d6 40. Ra5 Rb6 41. Rb1 Re7 42. a4 b4 43. Rxb4 Rxb4 44. cxb4 Re4 45. Ra7+ Ke8 46. b5 Kd8 47. b6 c3 48. Rc7 Rxd4 49. Rxc3 Kd7 50. Rc7+ Kd6 51. a5 Rb4 52. Rxg7 Kc6 53. Rg6 Kb5 54. Rxf6 Kxa5 55. Kg3 Rb3+ 56. Kh4 1-0

[Event "Sao Paulo Hebraica 15th"]
[Site "Sao Paulo"]
[Date "2013.01.04"]
[Round "1"]
[White "Massarioli, Felipe Alvarenga"]
[Black "Gotz, Klaus Seiji Furucho"]
[Result "1/2-1/2"]
[WhiteElo "2053"]
[BlackElo "2082"]
[PlyCount "104"]
[EventDate "2013.01.04"]
[EventType "tourn"]
[EventRounds "9"]
[EventCountry "BRA"]
[SourceTitle "EXT 2014"]
[Source "ChessBase"]
[SourceDate "2013.11.20"]
[SourceVersion "1"]
[SourceVersionDate "2013.11.20"]
[SourceQuality "1"]

1. d4 Nf6 2. c4 g6 3. Nc3 Bg7 4. Bg5 0-0 5. e3 c5 6. Nf3 cxd4 7. exd4 h6 8. Be3 d5 9. h3 Nc6 10. Be2 dxc4 11. Bxc4 Na5 12. Be2 Be6 13. b3 Rc8 14. Rc1 Kh7 15. 0-0 Nd5 16. Nxd5 Bxd5 17. Rxc8 Qxc8 18. Qd2 Nc6 19. Ne5 Rd8 20. f4 Nxe5 21. fxe5 Qc6 22. Rc1 Qb6 23. Qc3 f6 24. Bf2 Qe6 25. Qc7 Rf8 26. Bg4 f5 27. Bf3 Bxf3 28. gxf3 f4 29. Kg2 Rf5 30. h4 g5 31. Qc4 Qg6 32. h5 Qxh5 33. Rh1 Qg6 34. Kf1 g4 35. fxg4 Qxg4 36. Qd3 Kh8 37. Rh4 Qg5 38. Qf3 Rf8 39. Rg4 Qf5 40. Kg2 b6 41. Bh4 e6 42. Kh2 Kh7 43. a4 Rf7 44. Rg2 Rc7 45. Qg4 Qxg4 46. Rxg4 Rc2+ 47. Kg1 Rb2 48. Rxf4 Rxb3 49. Rf7 Kg6 50. Rxa7 Rb4 51. Bf2 Bf8 52. a5 bxa5 1/2-1/2

[Event "Pan American-ch U20"]
[Site "Sao Paulo"]
[Date "2012.07.02"]
[Round "7"]
[White "Gaitan, Juan Manuel"]
[Black "Massarioli, Felipe Alvarenga"]
[Result "1/2-1/2"]
[WhiteElo "2283"]
[BlackElo "2027"]
[PlyCount "33"]
[EventDate "2012.06.29"]
[EventType "swiss"]
[EventRounds "9"]
[EventCountry "BRA"]
[SourceTitle "CBM 149 Extra"]
[Source "ChessBase"]
[SourceDate "2012.08.24"]
[SourceVersion "1"]
[SourceVersionDate "2012.08.24"]
[SourceQuality "1"]

1. d4 d5 2. c4 c6 3. Nc3 Nf6 4. cxd5 cxd5 5. Bf4 e6 6. Nf3 Bd6 7. Ne5 0-0 8. e3 Nc6 9. Nxc6 bxc6 10. Bxd6 Qxd6 11. Rc1 Qb4 12. Qd2 Rb8 13. b3 c5 14. dxc5 Qxc5 15. Be2 Bd7 16. Bf3 Qb4 17. 0-0 1/2-1/2

[Event "Pan American-ch U20"]
[Site "Sao Paulo"]
[Date "2012.07.02"]
[Round "6"]
[White "Massarioli, Felipe Alvarenga"]
[Black "Takeda, Lucas Koji"]
[Result "1-0"]
[WhiteElo "2027"]
[BlackElo "1952"]
[PlyCount "101"]
[EventDate "2012.06.29"]
[EventType "swiss"]
[EventRounds "9"]
[EventCountry "BRA"]
[SourceTitle "CBM 149 Extra"]
[Source "ChessBase"]
[SourceDate "2012.08.24"]
[SourceVersion "1"]
[SourceVersionDate "2012.08.24"]
[SourceQuality "1"]

1. d4 d5 2. c4 e6 3. Nc3 Nf6 4. Nf3 Bb4 5. Qc2 0-0 6. e3 c6 7. Bd3 Nbd7 8. 0-0 Qe7 9. cxd5 exd5 10. Ne2 Bd6 11. Ng3 g6 12. Re1 Bxg3 13. hxg3 Ne4 14. Bxe4 dxe4 15. Nd2 Re8 16. b3 Nb6 17. a4 Nd5 18. Ba3 Qe6 19. Nc4 f5 20. Ne5 Bd7 21. Rec1 Rac8 22. Qd2 b6 23. Nc4 Ra8 24. Qe2 h5 25. Ne5 Kg7 26. Rc4 b5 27. Rc5 b4 28. Bb2 Rab8 29. Rac1 Rb6 30. a5 Rb7 31. Nxd7 Qxd7 32. Rxc6 Nc3 33. Bxc3 Qxc6 34. d5+ Qxc3 35. Rxc3 bxc3 36. Qc4 Kh7 37. Qxc3 Rd8 38. Qc5 Rbd7 39. g4 hxg4 40. Kh2 a6 41. Qc4 Rd6 42. Kg3 Kh6 43. Kf4 Rxd5 44. Qxa6 R8d6 45. Qc8 Rd8 46. Qc3 g5+ 47. Kg3 Kh5 48. Qf6 R8d6 49. Qf7+ Kh6 50. a6 Rd8 51. a7 1-0